| 000 | 00568nam a22001937a 4500 | ||
|---|---|---|---|
| 001 | 000022426 | ||
| 003 | OSt | ||
| 005 | 20250410124333.0 | ||
| 008 | 101011s19uu dr 001 0 spa d | ||
| 040 |
_aDO-SdBNP _bspa _cBNPHU |
||
| 082 |
_a972.9302 _bV215e |
||
| 100 | 1 |
_aValverde, Sebastián E. _923239 |
|
| 245 | 1 | 0 |
_aEstampas coloniales : _bla venta de Gabrielillo / _cSebastián E. Valverde |
| 260 |
_aCiudad Trujillo, República Dominicana : _b[s.d.], _c[19--] |
||
| 300 |
_a35 p. _c22 cm. |
||
| 590 | _aInventariado, 2020/ YL | ||
| 910 | _aYLockward | ||
| 942 |
_2ddc _cLF2 |
||
| 999 |
_c49151 _d49151 |
||